[Event "FIDE World Cup 2023"]
[Site "Baku AZE"]
[Date "2023.08.01"]
[Round "1.7"]
[White "Sanal, Vahap"]
[Black "Kozul, Zdenko"]
[Result "1-0"]
[WhiteTitle "GM"]
[BlackTitle "GM"]
[WhiteElo "2585"]
[BlackElo "2532"]
[WhiteFideId "6300545"]
[BlackFideId "14502879"]
[EventDate "2023.07.30"]
[EventType "k.o."]

1. e4 c5 2. Nf3 d6 3. d4 cxd4 4. Nxd4 Nf6 5. Nc3 Nc6 6. Bg5 e6 7. Qd2 Qb6 8. Nb3
a6 9. O-O-O Be7 10. f3 O-O 11. h4 Qc7 12. h5 h6 13. Bf4 Ne5 14. Kb1 b5 15. Ne2
Nc4 16. Qc1 e5 17. Bg3 Be6 18. Bh4 a5 19. g4 a4 20. Na1 d5 21. g5 hxg5 22. Qxg5
Rfe8 23. h6 g6 24. h7+ Nxh7 25. Qh6 Bf8 26. Qxh7+ Kxh7 27. Bd8+ Kg8 28. Bxc7
dxe4 29. Nc3 Ne3 30. Re1 Nxf1 31. Rexf1 Bc4 32. Nxe4 Bxf1 33. Nf6+ Kg7 34. Nxe8+
Rxe8 35. Rxf1 f5 36. c3 Kf6 37. Nc2 Bc5 38. Rd1 Ke6 39. Nb4 1-0

[Event "FIDE World Cup 2023"]
[Site "Baku AZE"]
[Date "2023.08.01"]
[Round "1.8"]
[White "Brkic, Ante"]
[Black "Matamoros Franco, Carlos S."]
[Result "1-0"]
[WhiteTitle "GM"]
[BlackTitle "GM"]
[WhiteElo "2608"]
[BlackElo "2441"]
[WhiteFideId "14506688"]
[BlackFideId "3600017"]
[EventDate "2023.07.30"]
[EventType "k.o."]

1. e4 c6 2. d4 d5 3. exd5 cxd5 4. Bd3 Nf6 5. h3 Nc6 6. Nf3 Nb4 7. Nc3 g6 8. Ne5
a6 9. a3 Nxd3+ 10. Qxd3 Bg7 11. Bf4 O-O 12. O-O Bf5 13. Qd2 Rc8 14. g4 Be6 15.
f3 Ne8 16. Ne2 Nd6 17. c3 f6 18. Nd3 Bf7 19. Bh6 Nc4 20. Qc1 Qb6 21. Bxg7 Kxg7
22. Rf2 Rfe8 23. f4 Nd6 24. Qe3 Nc4 25. Qc1 Nd6 26. Ng3 Qb5 27. Qe3 Nc4 28. Qe2
Qc6 29. Re1 Qd6 30. Qf3 Bg8 31. h4 e5 32. fxe5 fxe5 33. dxe5 Nxe5 34. Qf4 Nc4
35. Qd4+ 1-0

[Event "FIDE World Cup 2023"]
[Site "Baku AZE"]
[Date "2023.08.01"]
[Round "1.8"]
[White "Avila Pavas, Santiago"]
[Black "Smirin, Ilia"]
[Result "0-1"]
[WhiteTitle "GM"]
[BlackTitle "GM"]
[WhiteElo "2499"]
[BlackElo "2595"]
[WhiteFideId "4437128"]
[BlackFideId "2801990"]
[EventDate "2023.07.30"]
[EventType "k.o."]

1. e4 e5 2. Nf3 Nf6 3. Nxe5 d6 4. Nf3 Nxe4 5. d4 d5 6. Bd3 Nc6 7. O-O Be7 8. c4
Nb4 9. Be2 O-O 10. Nc3 Be6 11. Be3 Bf5 12. Nxe4 Bxe4 13. Bf4 dxc4 14. Bxc4 Bd5
15. Bxd5 Nxd5 16. Bg3 c6 17. Qd3 Bf6 18. h4 Re8 19. h5 h6 20. Ne5 Qb6 21. Rab1
Rad8 22. Rfd1 a5 23. Qf5 Re6 24. a3 Qb3 25. Re1 Rde8 26. Re3 Nxe3 27. fxe3 Qxe3+
28. Bf2 Qg5 29. Qxg5 hxg5 30. Nd7 Bxd4 31. Bxd4 Rd6 0-1

[Event "FIDE World Cup 2023"]
[Site "Baku AZE"]
[Date "2023.08.01"]
[Round "1.8"]
[White "Suleymanli, Aydin"]
[Black "Xu, Yinglun"]
[Result "1/2-1/2"]
[WhiteTitle "GM"]
[BlackTitle "GM"]
[WhiteElo "2586"]
[BlackElo "2531"]
[WhiteFideId "13413937"]
[BlackFideId "8604940"]
[EventDate "2023.07.30"]
[EventType "k.o."]

1. c4 e6 2. g3 Nf6 3. Bg2 d5 4. Nf3 dxc4 5. Qa4+ c6 6. Qxc4 b5 7. Qc2 Bb7 8. d4
Nbd7 9. O-O c5 10. Rd1 Rc8 11. Qb3 a6 12. dxc5 Bxc5 13. Be3 Bd5 14. Qd3 Qb6 15.
Bxc5 Nxc5 16. Qe3 b4 17. Nbd2 O-O 18. Rac1 Rfd8 19. Nc4 Qb8 20. Nce5 Ncd7 21.
Rxc8 Qxc8 22. Rc1 Qb7 23. Nxd7 Nxd7 24. Ne1 Bxg2 25. Nxg2 Nf6 26. Nf4 h6 27. Nd3
a5 28. Qc5 Qa8 29. Qb6 Nd5 30. Qb5 Rb8 31. Qc6 Qa7 32. Rc5 a4 33. e4 Nf6 34. Rc1
Qd4 35. Qc4 Qxe4 36. Qxe4 Nxe4 37. Rc4 f5 38. Rxb4 Rd8 39. Nf4 Rd1+ 40. Kg2 Rd2
41. Nxe6 Rxf2+ 42. Kg1 a3 43. bxa3 Rxa2 44. Nd4 g6 45. Rb8+ Kg7 46. Rb7+ Kf6 47.
Rb6+ Kf7 48. Rb7+ Kf6 49. Rb6+ Kf7 50. Nf3 Ra1+ 51. Kg2 Ra2+ 52. Kg1 Ra1+ 53.
Kg2 Ra2+ 54. Kg1 1/2-1/2

[Event "FIDE World Cup 2023"]
[Site "Baku AZE"]
[Date "2023.08.01"]
[Round "1.8"]
[White "Kozul, Zdenko"]
[Black "Sanal, Vahap"]
[Result "0-1"]
[WhiteTitle "GM"]
[BlackTitle "GM"]
[WhiteElo "2532"]
[BlackElo "2585"]
[WhiteFideId "14502879"]
[BlackFideId "6300545"]
[EventDate "2023.07.30"]
[EventType "k.o."]

1. Nf3 d5 2. c4 c6 3. e3 Nf6 4. Nc3 Nbd7 5. b3 e5 6. Bb2 a6 7. d4 e4 8. Nd2 Bd6
9. g4 h6 10. h4 Nf8 11. Be2 Be6 12. cxd5 cxd5 13. Rg1 Ng6 14. g5 hxg5 15. hxg5
Nd7 16. f4 exf3 17. Nxf3 b5 18. Bd3 Ne7 19. e4 b4 20. Na4 dxe4 21. Bxe4 Bd5 22.
Qe2 Qa5 23. O-O-O Bxe4 24. Qxe4 Qd5 25. Qg4 Qf5 26. Qxf5 Nxf5 27. g6 f6 28.
Rge1+ Kd8 29. Nc5 Rh3 30. Ne6+ Kc8 31. Rd3 Kb7 32. Ne5 Rc8+ 33. Kd1 Rh2 34. Nxd7
Rxb2 35. Ndc5+ Kc6 36. Re2 Rxe2 37. Kxe2 Bxc5 38. Nxc5 a5 39. Ne6 Kd5 40. Nf4+ 0-1

[Event "FIDE World Cup 2023"]
[Site "Baku AZE"]
[Date "2023.08.01"]
[Round "1.9"]
[White "Xu, Yinglun"]
[Black "Suleymanli, Aydin"]
[Result "1/2-1/2"]
[WhiteTitle "GM"]
[BlackTitle "GM"]
[WhiteElo "2531"]
[BlackElo "2586"]
[WhiteFideId "8604940"]
[BlackFideId "13413937"]
[EventDate "2023.07.30"]
[EventType "k.o."]

1. d4 Nf6 2. c4 e6 3. Nf3 d5 4. Nc3 c5 5. cxd5 cxd4 6. Qxd4 exd5 7. Bg5 Be7 8.
Qa4+ Bd7 9. Qd1 Be6 10. e3 Qb6 11. Bb5+ Nc6 12. O-O O-O 13. Rc1 Rac8 14. Qe2
Rfd8 15. Na4 Qa5 16. a3 a6 17. Bxc6 bxc6 18. Bxf6 Bxf6 19. Nc5 Qb5 20. Qxb5 axb5
21. Nd4 Bd7 22. Rc3 Be8 23. Rfc1 Ra8 24. f3 Rdb8 25. Nd3 Ra4 26. Nb4 h5 27. Kf2
h4 28. R3c2 Rb6 29. Ndxc6 Bxc6 30. Nxc6 Rc4 31. Nd4 Bxd4 32. exd4 Rxd4 33. Ke3
Rc4 34. b3 Re6+ 35. Kd3 Rf4 36. Re2 Ra6 37. Rc5 Rxa3 38. Rxb5 h3 39. gxh3 Rxf3+
40. Re3 Rxe3+ 41. Kxe3 Kh7 42. Kd4 Ra2 43. Rxd5 Rxh2 44. Rh5+ Kg6 45. Rh8 f5 46.
b4 f4 47. Ke4 Rb2 48. Kxf4 1/2-1/2

[Event "FIDE World Cup 2023"]
[Site "Baku AZE"]
[Date "2023.08.01"]
[Round "1.10"]
[White "Suleymanli, Aydin"]
[Black "Xu, Yinglun"]
[Result "1-0"]
[WhiteTitle "GM"]
[BlackTitle "GM"]
[WhiteElo "2586"]
[BlackElo "2531"]
[WhiteFideId "13413937"]
[BlackFideId "8604940"]
[EventDate "2023.07.30"]
[EventType "k.o."]

1. e4 c5 2. Nf3 d6 3. Bb5+ Bd7 4. Bxd7+ Nxd7 5. O-O e6 6. Qe2 Be7 7. b3 Bf6 8.
c3 Ne7 9. d4 Nc6 10. Rd1 O-O 11. Bf4 cxd4 12. Bxd6 dxc3 13. e5 Be7 14. Nxc3 Bxd6
15. exd6 Rc8 16. Ne4 Qa5 17. a3 Nce5 18. Nd4 Qb6 19. a4 a6 20. a5 Qd8 21. Qe1 b6
22. Qe2 b5 23. h3 Qh4 24. Qe3 h6 25. Rac1 Qh5 26. f4 Ng6 27. Nf3 Qf5 28. g3 e5
29. fxe5 Ndxe5 30. Nxe5 Nxe5 31. Rxc8 Rxc8 32. Kg2 Rc2+ 33. Rd2 Rc8 34. Rf2 Qe6
35. Qd4 Nc6 36. Qd3 Rd8 37. Rd2 Ne5 38. Qc3 Ng4 39. Nc5 Qf6 40. Qxf6 Nxf6 41.
Nxa6 Ne4 42. Rd4 Nxd6 43. b4 Kf8 44. Nc7 Ke7 45. a6 1-0

[Event "FIDE World Cup 2023"]
[Site "Baku AZE"]
[Date "2023.08.02"]
[Round "2.1"]
[White "Nesterov, Arseniy"]
[Black "Giri, Anish"]
[Result "1/2-1/2"]
[WhiteTitle "GM"]
[BlackTitle "GM"]
[WhiteElo "2554"]
[BlackElo "2775"]
[WhiteFideId "24198455"]
[BlackFideId "24116068"]
[EventDate "2023.07.30"]
[EventType "k.o."]

1. d4 Nf6 2. c4 e6 3. g3 Bb4+ 4. Nd2 d5 5. Bg2 O-O 6. Nf3 b6 7. O-O Bb7 8. b3
Re8 9. Bb2 a5 10. Qc2 a4 11. Bc3 Nc6 12. Ne5 Nxe5 13. dxe5 Bxc3 14. Qxc3 Nd7 15.
f4 f6 16. Nf3 c5 17. e3 axb3 18. axb3 Rxa1 19. Rxa1 dxc4 20. bxc4 Bxf3 21. Bxf3
fxe5 22. Bc6 Qc7 23. Bxd7 Qxd7 24. Qxe5 h6 25. Kg2 Qd3 26. Ra7 Qc2+ 27. Kf3 Qd1+
28. Kg2 Qc2+ 29. Kf3 Qd1+ 30. Kg2 Qc2+ 1/2-1/2

[Event "FIDE World Cup 2023"]
[Site "Baku AZE"]
[Date "2023.08.02"]
[Round "2.1"]
[White "So, Wesley"]
[Black "Can, Emre"]
[Result "1/2-1/2"]
[WhiteTitle "GM"]
[BlackTitle "GM"]
[WhiteElo "2769"]
[BlackElo "2570"]
[WhiteFideId "5202213"]
[BlackFideId "6302181"]
[EventDate "2023.07.30"]
[EventType "k.o."]

1. e4 c5 2. Nf3 d6 3. Bb5+ Nd7 4. a4 Nf6 5. Nc3 a6 6. Be2 b6 7. d4 cxd4 8. Qxd4
Bb7 9. O-O e5 10. Qe3 Be7 11. Rd1 O-O 12. Bc4 b5 13. axb5 axb5 14. Rxa8 Qxa8 15.
Nxb5 Nxe4 16. Qb3 Bc6 17. Be3 Nec5 18. Bxc5 Nxc5 19. Qa3 Qxa3 20. bxa3 Rb8 21.
Nc3 Rb2 22. Ne1 Na4 23. Nxa4 Bxa4 24. Kf1 Kf8 25. Rd5 Bc6 26. Rd1 Ba4 27. Rd5
Bc6 28. Rd1 Ba4 29. Rd5 1/2-1/2

[Event "FIDE World Cup 2023"]
[Site "Baku AZE"]
[Date "2023.08.02"]
[Round "2.1"]
[White "Janik, Igor"]
[Black "Dominguez Perez, Leinier"]
[Result "0-1"]
[WhiteTitle "GM"]
[BlackTitle "GM"]
[WhiteElo "2548"]
[BlackElo "2739"]
[WhiteFideId "1159259"]
[BlackFideId "3503240"]
[EventDate "2023.07.30"]
[EventType "k.o."]

1. d4 Nf6 2. c4 e6 3. Nc3 Bb4 4. f3 c5 5. d5 d6 6. e4 O-O 7. Ne2 b5 8. Nf4 exd5
9. Nxd5 Nxd5 10. Qxd5 Qb6 11. cxb5 Bb7 12. Qd1 d5 13. Bd2 dxe4 14. fxe4 Re8 15.
Be2 c4 16. Bf3 Nd7 17. Qe2 Ne5 18. Be3 Qxb5 19. O-O Qa5 20. Rac1 Nd3 21. Rc2
Rab8 22. a3 Bd6 23. g3 Be5 24. Nd1 Qa4 25. Nc3 Bxc3 26. Rxc3 Bxe4 27. Bxe4 Rxe4
28. Qf3 Qe8 29. Bc1 Rb6 30. Qh5 h6 31. Qd5 Rb5 32. Qd6 Nxc1 0-1

[Event "FIDE World Cup 2023"]
[Site "Baku AZE"]
[Date "2023.08.02"]
[Round "2.1"]
[White "Ivic, Velimir"]
[Black "Vallejo Pons, Francisco"]
[Result "0-1"]
[WhiteTitle "GM"]
[BlackTitle "GM"]
[WhiteElo "2590"]
[BlackElo "2706"]
[WhiteFideId "950122"]
[BlackFideId "2205530"]
[EventDate "2023.07.30"]
[EventType "k.o."]

1. e4 c6 2. d4 d5 3. e5 Bf5 4. h4 h5 5. Bd3 Bxd3 6. Qxd3 Qa5+ 7. Nd2 e6 8. Nf3
Ne7 9. O-O Nf5 10. Nb3 Qb5 11. Qd1 c5 12. a4 Qb6 13. dxc5 Bxc5 14. Nxc5 Qxc5 15.
Bg5 Nc6 16. c3 Qb6 17. b3 Rc8 18. Rc1 Nce7 19. Re1 Rc6 20. c4 dxc4 21. bxc4 O-O
22. Nd2 Ng6 23. Qxh5 Qc7 24. Qe2 Nfxh4 25. Qh5 Qa5 26. Ne4 Nf5 27. Bd2 Qxa4 28.
Rc3 Rxc4 29. Rh3 Nfh4 30. Rxh4 Nxh4 31. Qxh4 Rd4 32. Bg5 Rc8 33. Kh2 Qa5 34. Bf6
Qxe1 35. Qg5 Kf8 36. Bxg7+ Ke8 37. Nf6+ Kd8 38. Nd5+ Kd7 39. Qe7+ Kc6 40. Qd6+
Kb5 41. Qd7+ Ka6 42. Qd6+ b6 43. Qa3+ Qa5 0-1

[Event "FIDE World Cup 2023"]
[Site "Baku AZE"]
[Date "2023.08.02"]
[Round "2.1"]
[White "Smirin, Ilia"]
[Black "Shevchenko, Kirill"]
[Result "0-1"]
[WhiteTitle "GM"]
[BlackTitle "GM"]
[WhiteElo "2595"]
[BlackElo "2694"]
[WhiteFideId "2801990"]
[BlackFideId "14129574"]
[EventDate "2023.07.30"]
[EventType "k.o."]

1. c4 e6 2. Nc3 d5 3. d4 Nf6 4. cxd5 exd5 5. Bg5 Bb4 6. e3 h6 7. Bh4 g5 8. Bg3
h5 9. Qa4+ Nc6 10. Bb5 Bd7 11. Ne2 Ne4 12. f3 Bxc3+ 13. bxc3 Nxg3 14. hxg3 Qe7
15. Kf2 O-O-O 16. Rae1 Rde8 17. Nc1 h4 18. Nd3 hxg3+ 19. Kxg3 g4 20. Bxc6 Bxc6
21. Qxa7 Rxh1 22. Rxh1 gxf3 23. Qa8+ Kd7 24. Nc5+ Kd6 25. Rh6+ f6 26. Qa3 Qg7+
27. Kxf3 Qxh6 0-1

[Event "FIDE World Cup 2023"]
[Site "Baku AZE"]
[Date "2023.08.02"]
[Round "2.1"]
[White "Acosta, Pablo Ismael"]
[Black "Deac, Bogdan-Daniel"]
[Result "0-1"]
[WhiteTitle "IM"]
[BlackTitle "GM"]
[WhiteElo "2485"]
[BlackElo "2693"]
[WhiteFideId "124311"]
[BlackFideId "1226380"]
[EventDate "2023.07.30"]
[EventType "k.o."]

1. d4 Nf6 2. c4 e6 3. Nf3 d5 4. Nc3 c6 5. cxd5 exd5 6. Bg5 h6 7. Bxf6 Qxf6 8. e3
Bd6 9. Bd3 O-O 10. h3 Bf5 11. Qc2 Bxd3 12. Qxd3 Re8 13. O-O Nd7 14. Nd2 Re6 15.
f4 Rae8 16. Rf3 Bb4 17. Rc1 Qe7 18. Re1 Qh4 19. Re2 Bxc3 20. Qxc3 Qd8 21. Qa3
Qb8 22. Re1 Nf6 23. Rc1 a6 24. Rc3 h5 25. Qb3 R6e7 26. Rg3 g6 27. Rg5 Kg7 28.
Re5 Qd8 29. Qb4 Rd7 30. Rc1 Ree7 31. Rf1 Qc7 32. Qc3 Rd8 33. Qb4 Rde8 34. Rc1
Qd8 35. Rc3 Rd7 36. Rc1 Ree7 37. Kh2 Ne8 38. Rc3 f6 39. Rxe7+ Rxe7 40. a4 Nd6
41. Kg1 Nf5 42. Nf1 h4 43. Rb3 Qe8 44. Qd2 Kg8 45. Qd3 Kh7 46. Qd2 Kg7 47. Qd3
Qd7 48. Qd1 Qe6 49. Rc3 Qd6 50. Qc2 Qb4 51. Qb3 Qa5 52. Qa3 Qd8 53. Qb3 Qe8 54.
Rd3 Kh6 55. Nh2 Kh7 56. Ng4 Kg7 57. Qa3 Ng3 58. Rb3 Rf7 59. Qa1 Re7 60. Qa3 Qd7
61. Rd3 Qe6 62. Rd2 Rf7 63. Qd3 Qd6 64. Qb3 Re7 65. Rc2 Qe6 66. Qd3 Nf5 67. Re2
Qd6 68. Qc3 Re4 69. Rd2 Qe7 70. Rd3 Re6 71. Qa3 Qc7 72. Qb4 Re7 73. Qd2 Ng3 74.
Nh2 Nf5 75. Nf3 Qd8 76. Nh2 Qe8 77. Nf1 Re4 78. Rb3 Qd7 79. Qd1 Re7 80. Rc3 Qd8
81. Qc2 Nd6 82. Nd2 Qe8 83. Qb3 Kh6 84. Nf1 Nc4 85. Rd3 Qd7 86. Qb4 Kg7 87. b3
Nd6 88. Nh2 Nf5 89. Nf1 Qc7 90. Qc5 Re6 91. Qb4 a5 92. Qc5 b6 93. Qa3 Nd6 94.
Nd2 Qe7 95. Kh2 Qa7 96. Rc3 Nf5 97. Nf1 Qa6 98. Qc1 Qb7 99. Kg1 Qd7 100. Qa3 Qe8
101. Qc1 Kf7 102. Qc2 Qd7 103. Qd3 Qe7 104. Qc2 Qd6 105. Qc1 Ke7 106. Qd1 Qb4
107. Rd3 Ke8 108. Qg4 Kf7 109. Qd1 Kg7 110. Qc1 Kf8 111. Qd1 Re7 112. Qc1 Rc7
113. Qc3 Ke7 114. Qd2 Kd8 115. Qe2 Kc8 116. Qg4 Rg7 117. Nd2 Qe7 118. Nf3 Qe4
119. Rc3 Kb7 120. Nd2 Qe7 121. Nf1 Qe8 122. Qd1 Re7 123. Qc1 Re6 124. Rd3 Qe7
125. Kf2 Qd6 126. Qd1 Qd7 127. Qg4 Qe8 128. Rc3 Re4 129. Rd3 Re7 130. Rc3 Rg7
131. Nd2 Qe7 132. Qd1 Qb4 133. Rd3 Qa3 134. Qc2 Re7 135. Nf1 Qd6 136. Qd1 Qa3
137. Qc2 Qb4 138. Qd1 g5 139. fxg5 fxg5 140. Kg1 Ng3 141. Qd2 Qd6 142. Qf2 Qg6
143. Rd1 Rf7 144. Qb2 Qd3 145. Qb1 Rxf1+ 146. Rxf1 Qxe3+ 147. Kh2 Nxf1+ 148.
Qxf1 Qf4+ 149. Qxf4 gxf4 150. Kg1 c5 151. dxc5 bxc5 152. Kf2 d4 153. Kf3 d3 0-1

[Event "FIDE World Cup 2023"]
[Site "Baku AZE"]
[Date "2023.08.02"]
[Round "2.1"]
[White "Salinas Herrera, Pablo"]
[Black "Tabatabaei, M. Amin"]
[Result "1/2-1/2"]
[WhiteTitle "GM"]
[BlackTitle "GM"]
[WhiteElo "2468"]
[BlackElo "2689"]
[WhiteFideId "3407128"]
[BlackFideId "12521213"]
[EventDate "2023.07.30"]
[EventType "k.o."]

1. e4 c5 2. Nf3 d6 3. Bb5+ Nd7 4. a4 Nf6 5. Nc3 a6 6. Be2 b6 7. d4 cxd4 8. Qxd4
Bb7 9. O-O e6 10. Rd1 Qc7 11. Bg5 h6 12. Bh4 Be7 13. Bg3 e5 14. Qe3 Rd8 15. Nd2
O-O 16. Bh4 Rfe8 17. Bxf6 Nxf6 18. Nc4 d5 19. Nxd5 Nxd5 20. exd5 Bc5 21. Qe4 Bd4
22. Ne3 Bxb2 23. Rab1 Bd4 24. c4 Bc5 25. h4 g6 26. a5 f5 27. Qc2 bxa5 28. h5
Bxe3 29. fxe3 Bxd5 30. hxg6 Be4 31. Bd3 Qc5 32. Bxe4 Qxe3+ 33. Qf2 Qxf2+ 34.
Kxf2 fxe4 35. Ke3 Rd4 36. c5 Kg7 37. Rb7+ Kxg6 38. Rb6+ Kg5 39. Rc1 Rb4 40. Rd6
Rc8 41. c6 Rc7 42. Rf1 Rc4 43. Rff6 Rg7 44. Rxh6 a4 45. Rhe6 Kh4 46. Rh6+ Kg3
47. Rd7 Rxd7 48. Rg6+ Kh4 49. cxd7 Rd4 50. Rxa6 Rxd7 51. Rxa4 Rd4 52. Rxd4 exd4+
53. Kxe4 Kg3 54. Kxd4 Kxg2 1/2-1/2

[Event "FIDE World Cup 2023"]
[Site "Baku AZE"]
[Date "2023.08.02"]
[Round "2.1"]
[White "De Silva, L M S T"]
[Black "Wojtaszek, Radoslaw"]
[Result "1/2-1/2"]
[WhiteTitle "IM"]
[BlackTitle "GM"]
[WhiteElo "2433"]
[BlackElo "2676"]
[WhiteFideId "9953698"]
[BlackFideId "1118358"]
[EventDate "2023.07.30"]
[EventType "k.o."]

1. e4 c5 2. Nf3 d6 3. Bb5+ Nd7 4. d4 cxd4 5. Nxd4 Nf6 6. O-O a6 7. Bd3 Nc5 8.
Nc3 g6 9. Re1 Bg7 10. Bf1 O-O 11. a4 Bd7 12. Ra3 Rc8 13. b4 Ne6 14. Nxe6 Bxe6
15. Nd5 a5 16. bxa5 Bxd5 17. exd5 Rc5 18. c4 Rxa5 19. Bd2 Ra7 20. Be3 b6 21. Qb3
Nd7 22. Rb1 Qc7 23. Bxb6 Nxb6 24. Qxb6 Qxb6 25. Rxb6 Rfa8 26. a5 Rxa5 27. Rxa5
Rxa5 28. Rb8+ Bf8 29. g3 f5 30. Kg2 Kf7 31. Rb5 Ra3 32. c5 dxc5 1/2-1/2

[Event "FIDE World Cup 2023"]
[Site "Baku AZE"]
[Date "2023.08.02"]
[Round "2.1"]
[White "Korobov, Anton"]
[Black "Iturrizaga Bonelli, Eduardo"]
[Result "1-0"]
[WhiteTitle "GM"]
[BlackTitle "GM"]
[WhiteElo "2667"]
[BlackElo "2617"]
[WhiteFideId "14105730"]
[BlackFideId "3901211"]
[EventDate "2023.07.30"]
[EventType "k.o."]

1. d4 Nf6 2. c4 c6 3. Nc3 d5 4. e3 Bf5 5. Nf3 e6 6. Nh4 Be4 7. f3 Bg6 8. Bd2 Be7
9. cxd5 cxd5 10. Nxg6 hxg6 11. Bd3 Nc6 12. f4 a6 13. Rc1 Rc8 14. O-O Nd7 15. Na4
f5 16. a3 g5 17. fxg5 g6 18. b4 Bxg5 19. b5 axb5 20. Bxb5 Be7 21. h3 Bxa3 22.
Rb1 Bd6 23. Nc3 Nf6 24. Bd3 Rh7 25. Nb5 Bb8 26. Be1 Qe7 27. Rb2 g5 28. Qb1 Rh6
29. Bxf5 exf5 30. Qxf5 Nd7 31. Qxd5 Rf6 32. Rxf6 Nxf6 33. Qxg5 Nd8 34. Rf2 Rc6
35. Nc3 Nf7 36. Qb5 Nd6 37. Qg5 Nf7 38. Qb5 Kf8 39. Rf3 Ra6 40. Na4 Nd6 41. Qe5
Ne8 42. Qxb8 Rxa4 43. Bg3 Ra6 44. Be5 Kf7 45. Qc8 Re6 46. Qc2 Ng7 47. Qb3 Kg6
48. Qb1+ Kf7 49. Rf2 b6 50. Rb2 Nd7 51. Qh7 Nxe5 52. dxe5 Qg5 53. Rf2+ Ke7 54.
Qg8 Qxe5 55. Rf7+ Kd6 56. Rxg7 Qxe3+ 57. Kh2 Qe5+ 58. Rg3 b5 59. h4 b4 60. Qc8
Kd5 61. Qc2 Rc6 62. Qd2+ Kc5 63. Kh3 Qe6+ 64. Rg4 Rb6 65. Qf2+ Kc6 66. Qf3+ Kc5
67. Kh2 Qe5+ 68. g3 Rf6 69. Qd3 Rf2+ 1-0

[Event "FIDE World Cup 2023"]
[Site "Baku AZE"]
[Date "2023.08.03"]
[Round "2.2"]
[White "Caruana, Fabiano"]
[Black "Mchedlishvili, Mikheil"]
[Result "1-0"]
[WhiteTitle "GM"]
[BlackTitle "GM"]
[WhiteElo "2782"]
[BlackElo "2561"]
[WhiteFideId "2020009"]
[BlackFideId "13600966"]
[EventDate "2023.07.30"]
[EventType "k.o."]

1. e4 c5 2. Nc3 Nc6 3. Nf3 e5 4. Bc4 Be7 5. d3 d6 6. Nd5 Nf6 7. Nxf6+ Bxf6 8.
O-O O-O 9. c3 Rb8 10. a4 Re8 11. Be3 Be6 12. Bxe6 Rxe6 13. b4 cxb4 14. cxb4 d5
15. b5 dxe4 16. dxe4 Nd4 17. Rc1 h6 18. Rc5 Rc8 19. Rd5 Rd6 20. Nxd4 Rxd5 21.
exd5 exd4 22. Bxd4 b6 23. Be3 Be5 24. Qg4 Rc7 25. Rd1 Qf6 26. g3 Bd6 27. Kg2 Kh7
28. h4 Qg6 29. Qf3 h5 30. Rc1 Rd7 31. Rc4 Be5 32. Bd2 Bd6 33. Bb4 Bxb4 34. Rxb4
Kh6 35. Rc4 f6 36. d6 Kh7 37. Qd5 f5 38. Rd4 Qf6 39. Rd3 Kg6 40. Qc6 Qf7 41. Re3
Kh7 42. Re5 Kh8 43. Qa8+ Kh7 44. Qf3 g6 45. Qe3 1-0

[Event "FIDE World Cup 2023"]
[Site "Baku AZE"]
[Date "2023.08.03"]
[Round "2.2"]
[White "Asadli, Vugar"]
[Black "Nepomniachtchi, Ian"]
[Result "1/2-1/2"]
[WhiteTitle "GM"]
[BlackTitle "GM"]
[WhiteElo "2567"]
[BlackElo "2779"]
[WhiteFideId "13405764"]
[BlackFideId "4168119"]
[EventDate "2023.07.30"]
[EventType "k.o."]

1. e4 e5 2. Nf3 Nf6 3. Nxe5 d6 4. Nf3 Nxe4 5. d4 d5 6. Bd3 Bd6 7. O-O O-O 8. c4
c6 9. Re1 Bf5 10. Qb3 Qd7 11. Nc3 Nxc3 12. Bxf5 Qxf5 13. bxc3 b6 14. cxd5 cxd5
15. Qb5 Qd7 16. Rb1 Rd8 17. g3 Qxb5 18. Rxb5 Na6 19. Bd2 Nc7 20. Rb2 b5 21. Kf1
f6 22. Nh4 g6 23. Ng2 Kf7 24. Bf4 Rac8 25. a4 a6 26. Ra1 g5 27. Bd2 bxa4 28.
Rxa4 Rb8 29. Rxb8 Rxb8 30. Ke2 Rb1 1/2-1/2

[Event "FIDE World Cup 2023"]
[Site "Baku AZE"]
[Date "2023.08.03"]
[Round "2.2"]
[White "Giri, Anish"]
[Black "Nesterov, Arseniy"]
[Result "1/2-1/2"]
[WhiteTitle "GM"]
[BlackTitle "GM"]
[WhiteElo "2775"]
[BlackElo "2554"]
[WhiteFideId "24116068"]
[BlackFideId "24198455"]
[EventDate "2023.07.30"]
[EventType "k.o."]

1. e4 e5 2. Nf3 Nf6 3. Nxe5 d6 4. Nf3 Nxe4 5. d4 d5 6. Bd3 Be7 7. O-O Bf5 8. Nc3
O-O 9. Ne5 Nxc3 10. bxc3 Bxd3 11. cxd3 Nc6 12. Rb1 Bd6 13. Rxb7 Qc8 14. Rb3 Nxe5
15. dxe5 Bxe5 16. Ba3 Re8 17. d4 Bf6 18. Qd3 Be7 19. Bxe7 Rxe7 20. Rbb1 c6 21.
Rfe1 Rxe1+ 22. Rxe1 Qd7 23. Re3 Re8 24. g3 g6 25. Kg2 Kg7 26. Qe2 Rxe3 27. Qxe3
h5 28. h4 Qd8 29. Qe5+ Kg8 30. a4 Qb6 31. Qe8+ Kg7 32. Qe5+ Kg8 33. Qe8+ Kg7 34.
Qe5+ 1/2-1/2

[Event "FIDE World Cup 2023"]
[Site "Baku AZE"]
[Date "2023.08.03"]
[Round "2.2"]
[White "Can, Emre"]
[Black "So, Wesley"]
[Result "1/2-1/2"]
[WhiteTitle "GM"]
[BlackTitle "GM"]
[WhiteElo "2570"]
[BlackElo "2769"]
[WhiteFideId "6302181"]
[BlackFideId "5202213"]
[EventDate "2023.07.30"]
[EventType "k.o."]

1. d4 Nf6 2. c4 e6 3. Nf3 d5 4. g3 Bb4+ 5. Bd2 Be7 6. Bg2 Nbd7 7. Qc2 O-O 8. O-O
c6 9. Bf4 a5 10. Rd1 a4 11. Ne5 Qa5 12. Nxd7 Bxd7 13. c5 b6 14. Bc7 Bd8 15. Bd6
Re8 16. Nd2 bxc5 17. Bxc5 e5 18. e4 Bc7 19. Rac1 Rac8 20. b4 axb3 21. axb3 exd4
22. Bxd4 Be5 23. Bc5 Be6 24. b4 Qb5 25. Nf3 Bg4 26. exd5 Nxd5 27. Qc4 Qxc4 28.
Rxc4 f5 29. h3 Bh5 30. g4 fxg4 31. Nxe5 Rxe5 32. Bd6 Ree8 33. hxg4 Nb6 34. Rxc6
Bxg4 35. Rdc1 Rxc6 36. Rxc6 Nd7 37. b5 Kf7 38. b6 Re1+ 39. Kh2 Rb1 40. Bc7 Rb2
41. Rc4 h5 42. Rf4+ Ke7 43. b7 g5 44. Rd4 Be6 45. Rxd7+ Bxd7 46. b8=Q Rxb8 47.
Bxb8 h4 48. Bd5 g4 49. Kg1 Bb5 50. Bc7 Be2 51. Bg2 Kd7 52. Bf4 g3 53. f3 Ke8 54.
Bh1 Kf7 55. Bc7 Kg6 56. Kg2 Bb5 57. Bd6 Kh5 58. Kg1 Bc6 59. Kf1 Bb7 60. Ke1 Bc6
61. Kd2 Bd7 62. Bg2 h3 63. Bxh3 Bxh3 64. Bxg3 Bg2 65. Ke3 Bxf3 1/2-1/2

[Event "FIDE World Cup 2023"]
[Site "Baku AZE"]
[Date "2023.08.03"]
[Round "2.2"]
[White "Radjabov, Teimour"]
[Black "Erdos, Viktor"]
[Result "1-0"]
[WhiteTitle "GM"]
[BlackTitle "GM"]
[WhiteElo "2747"]
[BlackElo "2571"]
[WhiteFideId "13400924"]
[BlackFideId "719978"]
[EventDate "2023.07.30"]
[EventType "k.o."]

1. e4 e5 2. Nf3 Nc6 3. Bb5 a6 4. Ba4 Nf6 5. O-O d6 6. Re1 b5 7. Bb3 Be7 8. c3
O-O 9. h3 Re8 10. d4 Bb7 11. Nbd2 Bf8 12. d5 Nb8 13. Nf1 Nbd7 14. Ng3 h6 15. Nh2
Rc8 16. Ng4 Nxg4 17. Qxg4 Nf6 18. Qf3 g6 19. a4 c6 20. dxc6 Rxc6 21. axb5 axb5
22. Be3 Qe7 23. Ra5 Ra6 24. Rxb5 Bc6 25. Rb4 Rea8 26. Kh2 Nd7 27. Rd1 Ra1 28.
Rxd6 1-0